Qué es el cine? / (Record no. 110453)

MARC details
000 -LEADER
campo de control de longitud fija 00758cam a2200265Ia 4500
001 - NÚMERO DE CONTROL
campo de control 50476
005 - FECHA Y HORA DE LA ÚLTIMA TRANSACCIÓN
campo de control 20230411090003.0
008 - DATOS DE LONGITUD FIJA--INFORMACIÓN GENERAL
campo de control de longitud fija 071220s2004 sp a 000 0 spa d
035 ## - NÚMERO DE CONTROL DEL SISTEMA
Número de control de sistema (OCoLC)ocn184944197
040 ## - FUENTE DE CATALOGACIÓN
Centro catalogador/agencia de origen DRFGD
Centro/agencia transcriptor DRFGD
035 ## - NÚMERO DE CONTROL DEL SISTEMA
Número de control de sistema (OCoLC)184944197
049 ## - FONDOS LOCALES (OCLC)
Biblioteca depositaria GRAL
100 1# - ENTRADA PRINCIPAL--NOMBRE DE PERSONA
Nombre de persona Bazin, André,
Fechas asociadas al nombre 1918-1958.
240 10 - TÍTULO UNIFORME
Título uniforme Qu'est-ce que le cinéma?
Lenguaje de la obra Spanish
245 10 - MENCIÓN DEL TÍTULO
Título Qué es el cine? /
Mención de responsabilidad, etc. André Bazin.
250 ## - MENCION DE EDICION
Mención de edición 7a ed.
260 ## - PUBLICACIÓN, DISTRIBUCIÓN, ETC.
Lugar de publicación, distribución, etc. Madrid :
Nombre del editor, distribuidor, etc. Ediciones RIALP, S.A. ,
Fecha de publicación, distribución, etc. 2006.
300 ## - DESCRIPCIÓN FÍSICA
Extensión 395 p. :
Otras características físicas ill. ;
Dimensiones 20 cm.
440 #0 - MENCIÓN DE SERIE/PUNTO DE ACCESO ADICIONAL--TÍTULO
Título Libros de cine
504 ## - NOTA DE BIBLIOGRAFÍA, ETC.
Nota de bibliografía, etc. Includes bibliographical references.
650 #0 - PUNTO DE ACCESO ADICIONAL DE MATERIA--TÉRMINO DE MATERIA
Término de materia o nombre geográfico como elemento de entrada Motion pictures.
700 1# - ENTRADA AGREGADA--NOMBRE PERSONAL
Nombre de persona López Muñoz, José Luis ,
Término indicativo de función/relación trl.
942 ## - ELEMENTOS DE ENTRADA SECUNDARIOS (KOHA)
Fuente del sistema de clasificación o colocación Clasificación de Library of Congress
Tipo de ítem Koha
994 ## -
-- C0
-- DRFGD
Holdings
Estatus retirado Estado de pérdida Fuente del sistema de clasificación o colocación Estado de daño No para préstamo Colección Biblioteca de origen Biblioteca actual Ubicación en estantería Fecha de adquisición Código de barras Visto por última vez Copia número Tipo de ítem Koha
    Clasificación de Library of Congress     Automatización y Procesos Técnicos Biblioteca Juan Bosch Biblioteca Juan Bosch Automatización y Procesos Técnicos (1er. Piso) 11/04/2023 00000052312 17/02/2019 1